| 000 | 006580000a22001930004500 | ||
|---|---|---|---|
| 090 |
_aAR _b01756 |
||
| 245 | 1 | 0 | _aProyecto: flora de los parques nacionales subproyecto: flora del Parque Nacional Natural Tuparro: primer informe de labores |
| 650 | 1 | 4 |
_aFlora _992293 |
| 650 | 1 | 4 |
_aInventarios de vegetación _993148 |
| 650 | 1 | 4 |
_aAreas protegidas _978 |
| 651 | 4 |
_lParque Nacional Natural Tuparro _dVichada _pColombia _992749 |
|
| 041 | 0 | _aEspañol | |
| 700 | 1 |
_aBarbosa, César _995188 |
|
| 700 | 1 |
_aPrada, Saúl _995189 |
|
| 700 | 1 |
_aArenas, Hernando _94230 |
|
| 100 | 1 |
_aZarucchi, James L. _995094 |
|
| 942 | _cARTICULO | ||
| 773 | 1 |
_tPreprint _33 _q1-30 _d1990? |
|
| 999 |
_c10835 _d10835 |
||